00415nam a2200181Ia 4500003000900000008004100009040001300050040001300063041000800076100001700084245007200101250000900173260001500182260000900197300001100206300001000217490000600227IT-RoPAU120407s9999 xx 000 0 und d aIT-RoPAU cIT-RoPAU aita aElio Gambari aVita religiosa oggi secondo il Concilio e il nuovo Diritto Canonico aRoma aMonfortane c1983 a690 p. c21 cm v1